Вып. 5; Минувшее; Воспоминания отца русского футуризма; В июне 1954 года; Из воспоминаний; Из архива Ильи Зданевича; Письма Н. С. Гончаровой и М. Ф. Ларионова к Ольге Ресневич-Синьорелли; Неизвестное письмо Андрея Белого; Осип Мандельштам и Гейдельбергский университет; Письма В. Ходасевича к Н. Берберовой; К вопросу о смерти М. Горького; М. Горький и Ю. Н. Данзас; Заметки очевидца
| Parent link: | Минувшее: исторический альманах. Вып. 5.— , 1990-1998.— 5-01-003529-4 |
|---|---|
| Sprog: | russisk |
| Udgivet: |
1991
|
| TOC: | Д. Д. Бурлюк, Воспоминания отца русского футуризма; К. Л. Зелинский, В июне 1954 года; С. Гитович, Из воспоминаний; сост. Р. Гейро, Из архива Ильи Зданевича; сост. Э. Гарэтто, Письма Н. С. Гончаровой и М. Ф. Ларионова к Ольге Ресневич-Синьорелли; сост. В. Аллой, Неизвестное письмо Андрея Белого; сост. Т. Бейер, Осип Мандельштам и Гейдельбергский университет; сост. Д. Бетеа, Письма В. Ходасевича к Н. Берберовой; М. Никё, К вопросу о смерти М. Горького; М. Агурский, М. Горький и Ю. Н. Данзас; Б. Закс, Заметки очевидца; |
| Fag: | |
| Format: | Bog |
| KOHA link: | https://koha.lib.tpu.ru/cgi-bin/koha/opac-detail.pl?biblionumber=15967 |
MARC
| LEADER | 00000nam2a2200000 4500 | ||
|---|---|---|---|
| 001 | 15967 | ||
| 005 | 20241126063146.0 | ||
| 010 | |a 5010035723 | ||
| 010 | |a 5-85042-006-1 | ||
| 035 | |a (RuTPU)RU\TPU\book\16085 | ||
| 035 | |a BOOK00000773 | ||
| 090 | |a 15967 | ||
| 100 | |a 20011209e1991 km y0rusy50 ca | ||
| 101 | 0 | |a rus | |
| 102 | |a RU | ||
| 105 | |a a z 001zd | ||
| 200 | 0 | |a Вып. 5 | |
| 210 | |d 1991 | ||
| 215 | |a 415 с. |c ил. | ||
| 320 | |a Библиогр. в примеч. | ||
| 320 | |a Указ. имен: с. 394-408. | ||
| 320 | |a Аннотир. указ.: с. 409-411. | ||
| 461 | 1 | |0 (RuTPU)RU\TPU\book\34859 |y 5-01-003529-4 |y 5-85042-001-0 |t Минувшее |o исторический альманах |v Вып. 5 |d 1990-1998 | |
| 464 | |t Воспоминания отца русского футуризма |o фрагменты |f Д. Д. Бурлюк | ||
| 464 | |t В июне 1954 года |f К. Л. Зелинский | ||
| 464 | |t Из воспоминаний |f С. Гитович | ||
| 464 | |t Из архива Ильи Зданевича |o фрагменты |f сост. Р. Гейро | ||
| 464 | |t Письма Н. С. Гончаровой и М. Ф. Ларионова к Ольге Ресневич-Синьорелли |f сост. Э. Гарэтто | ||
| 464 | |t Неизвестное письмо Андрея Белого |f сост. В. Аллой | ||
| 464 | |t Осип Мандельштам и Гейдельбергский университет |f сост. Т. Бейер | ||
| 464 | |t Письма В. Ходасевича к Н. Берберовой |f сост. Д. Бетеа | ||
| 464 | |t К вопросу о смерти М. Горького |o фрагменты |f М. Никё | ||
| 464 | |t М. Горький и Ю. Н. Данзас |o фрагменты |f М. Агурский | ||
| 464 | |t Заметки очевидца |o фрагменты |f Б. Закс | ||
| 600 | 1 | |a Бурлюк |b Д. Д. |c русский поэт и живописец |f 1882-1967 |g Давид Давидович |2 stltpush |3 (RuTPU)RU\TPU\pers\16861 |9 6086 | |
| 600 | 1 | |a Фадеев |b А. А. |c русский писатель |f 1901-1956 |g Александр Александрович |2 stltpush |3 (RuTPU)RU\TPU\pers\8223 |9 1620 | |
| 600 | 1 | |a Ходасевич |g Владислав Фелицианович |b В. Ф. |c российский поэт |f 1886-1939 |2 stltpush |3 (RuTPU)RU\TPU\pers\1197 | |
| 600 | 1 | |a Горький |g Максим |b М. |c настоящая фамилия Пешков |f 1868-1936 |c русский писатель |c публицист |2 stltpush |3 (RuTPU)RU\TPU\pers\1037 | |
| 606 | |a Россия |x История |7 ca |8 rus |9 81526 | ||
| 610 | 1 | |a культура | |
| 610 | 1 | |a СССР | |
| 610 | 1 | |a источники исторические | |
| 610 | 1 | |a архивы исторические | |
| 610 | 1 | |a 20 век | |
| 610 | 1 | |a альманахи | |
| 610 | 1 | |a футуризм русский | |
| 610 | 1 | |a литературоведение | |
| 610 | 1 | |a персоналии | |
| 686 | |a Т3(2) |2 rubbk | ||
| 801 | 0 | |a RU |b 63413507 |c 20011209 |g PSBO | |
| 801 | 2 | |a RU |b 63413507 |c 20120830 |g PSBO | |
| 942 | |c BK | ||